Loading...
Concise dictionary of national biography /
| Format: | Printed Book |
|---|---|
| Published: |
New York:
OUP,
1992.
|
| Subjects: |
| LEADER | 00438cam a2200133ua 4500 | ||
|---|---|---|---|
| 020 | |a 0-19-865305-0 | ||
| 082 | |a 920.042 |b CON.3 | ||
| 245 | 0 | 0 | |a Concise dictionary of national biography / |
| 260 | |a New York: |b OUP, |c 1992. | ||
| 300 | |a 2141-3334p.. | ||
| 650 | 0 | |a National biography-Dictionaries | |
| 942 | |c REF | ||
| 999 | |c 6877 |d 6877 | ||
| 952 | |0 0 |1 0 |4 0 |6 920_042000000000000_CON_3 |7 0 |9 7215 |a KUCL |b KUCL |d 2014-05-23 |l 0 |o 920.042 CON.3 |p 00092 |r 2017-03-09 |y REF | ||